| Tag |
First Indicator |
Second Indicator |
Subfields |
| LEADER |
00000cam a22000001a 4500 |
| 001 |
in00003309821 |
| 006 |
m d f |
| 007 |
cr bn mmmapmmp |
| 008 |
101203s2005 dcu o f000 0 eng d |
| 005 |
20260501135241.9 |
| 035 |
|
|
|a cis2007847534
|
| 040 |
|
|
|a ProQuest
|c ProQuest
|d UtOrBLW
|
| 043 |
|
|
|a n-us---
|
| 099 |
|
|
|a CRS-2005-AML-0210
|
| 110 |
2 |
|
|a Library of Congress.
|b Congressional Research Service.
|
| 245 |
1 |
0 |
|a United States Sentencing Guidelines After Blakely :
|b Booker and Fanfan--A Sketch.
|
| 264 |
|
1 |
|a [Place of publication not identified] :
|b [publisher not identified],
|c 2005.
|
| 300 |
|
|
|a 1 online resource.
|
| 336 |
|
|
|a text
|b txt
|2 rdacontent
|
| 337 |
|
|
|a computer
|b c
|2 rdamedia
|
| 338 |
|
|
|a online resource
|b cr
|2 rdacarrier
|
| 500 |
|
|
|a Record is based on bibliographic data in ProQuest U.S. Congressional Research Digital Collection (last viewed Dec. 2010). Reuse except for individual research requires license from ProQuest, LLC.
|
| 500 |
|
|
|a CRS Report.
|
| 520 |
|
|
|a Provides background on Federal sentencing guidelines established under the Sentencing Reform Act of 1984, and discusses sentencing factors used to enhance maximum penalties as well as establish minimum penalties. Examines impact of Supreme Court decisions in a series of cases, including, Apprendi v. New Jersey, Blakely v. Washington, United States v. Fanfan, and United States v. Booker.
|
| 500 |
|
|
|a Electronic resource.
|
| 650 |
|
0 |
|a Justice, Administration of.
|
| 650 |
|
0 |
|a Judge-made law.
|
| 650 |
|
0 |
|a Constitutional law.
|
| 655 |
|
7 |
|a Electronic books.
|2 local
|
| 710 |
2 |
|
|a ProQuest (Firm)
|
| 776 |
0 |
8 |
|i Microfiche version:
|a Library of Congress. Congressional Research Service.
|t United States Sentencing Guidelines After Blakely
|
| 830 |
|
0 |
|a U.S. Congressional Research.
|
| 856 |
4 |
0 |
|u http://proxy.library.tamu.edu/login?url=https://congressional.proquest.com/congcomp/getdoc?CRDC-ID=CRS-2005-AML-0210
|z Connect to the full text of this electronic book
|t 0
|
| 999 |
|
|
|a MARS
|
| 999 |
f |
f |
|s 69ce45d1-4874-35c0-85ef-008ac8d6b786
|i e24b72ff-b4ff-3251-be89-1c3ed831b401
|t 0
|
| 952 |
f |
f |
|a Texas A&M University
|b College Station
|c Electronic Resources
|s www_evans
|d Available Online
|t 0
|e CRS-2005-AML-0210
|h Other scheme
|
| 998 |
f |
f |
|a CRS-2005-AML-0210
|t 0
|l Available Online
|